00562nam a22001697a 4500020001800000082001200018100001900030245007100049260003800120300001400158650001600172650002600188650001100214942000700225999001700232952014300249 a9788131518618 a510 DAT aKanti B. Datta aMathematical methods of science and engineering: Aided with matlab aNew DelhibCengage Learningc2012 aPVbill.: aMathematics aMethods (Mathematics) aMatlab cBK c13476d13476 001040708NFICaCLbCLcGENd2016-03-22eAllied Book Companyg568.00l5m1o510 DATpSEECS013386r2026-02-17s2026-01-25w2016-03-24yBK